00876nam a2200181Ia 4500008004100000020002200041050002600063100002900089245005900118250001100177260002500188300001700213500002300230505026400253650004200517952011800559999001700677121028s9999 xx 000 0 und d a978-970-15-1325-5 aQA76.731 S67 P47 2008 aPérez López, César aMySQL : para Windows y Linux / César Pérez López a2a ed. aMéxico : Alfaomega axiii, 454 p. aIncluye índices  aIntroducción Cap. 1. Instalación de MySQL y su software complementario Cap. 2. Diseño de bases de datos. Conceptos, operaciones, objetos y estructura Cap. 3. Creación de bases de datos MySQL. El lenguaje SQL: tipos operadores y funciones Cap. 4. Entor aMySQL (Programa para computadoras)Ì 00104070a14b14d2009-05-27l9m2oQA76.731 S67 P47 2008p14 002326r2016-07-29s2016-07-19t1w2012-10-28yLB c84885d84885